Geography containing CA-CZ - Statistics

General Stats
  • This quiz has been taken 6 times
  • The average score is 9 of 26
Answer Stats
Contains: Clue Answer % Correct
CC Country which administers most of Western Sahara (7) Morocco
100%
CR A car crash in the capital city of Ghana (5) Accra
83%
CT Huge area of sea in the frozen north (11) Arctic Ocean
83%
CU Country named after the line of latitude which passes through it (7) Ecuador
83%
CE Nice lad gone astray on very cold island (7) Iceland
67%
CS Hungarian city where chest muscles are on show (4) Pecs
67%
CB Canadian mountain named after a Shakespearean king (12) Mount Macbeth
50%
CL Village on Loch Shiel in Ardnamurchan with a burn at its entrance (9) Acharacle
33%
CK Watery area which could be a description of an oil slick (8) Black Sea
33%
CQ Australian isle where computer is used as brief centre of rock mining (15) Macquarie Island
33%
CD Australian territory which sounds like a place you'd find a burger joint (but definitely isn't) (15) McDonald Islands
33%
CZ No ways lead to this new Polish town (8) Nowy Sącz
33%
CA Authorise Mac coding in Latin region of the world (12 letters) South America
33%
CN Expression of gratitude in a region of Peru (5) Tacna
33%
CW Occidental part of the climb of Everest, the first mountain in height ranking (10) Western Cwm
33%
CO An Italian city with a sodium installation (6) Ancona
17%
CI Ice sheet in Pakistan where lab reverse-engineers Spanish bull (14) Baltoro Glacier
17%
CY Paris suburb where it's important to be right (5) Bercy
17%
CM The world's most southerly passable body of water, with a Scottish name also used for the nearby Antarctic station (12) McMurdo Sound
17%
CV Town of New York state, meaning town where an auto repair man lives (13) Mechanicville
17%
CJ Oscar awarded for Jack's contortion routine on Slovenian hill (5) Očjak
17%
CH Subdivision located on the Great Plains (12) Saskatchewan
17%
CG Blood-sucking bug that's disappeared from Philippine lake (6) Ticgon
17%
CX Trendy Mexican town where you see short male cow return to port, at the site of the asteroid impact which wiped out the dinosaurs (15) Chicxulub Puerto
0%
CF A leg fabric manufactured for surviving a remote plateau of Mauritania (10) Gleïb Açfar
0%
CP In Turkey, you are found in hard, agitating mountain climb (11) Üçpınar Dağı
0%
No matching quizzes found
Score Distribution
Percent of People with Each Score
Percentile by Number Answered
Your Score History
You have not taken this quiz